Statistiques concernant Top 10 rappeurs américains

Cliquez ici pour prendre le quiz!

Statistiques générales

  • Ce quiz a été pris 585 fois
  • Le résultat moyen est 5 sur 10

Statistiques - réponses

HintRéponse% Correct
1Eminem
86%
10Drake
76%
550cent
56%
22pac
53%
9Dr dre
50%
4Snoop Dogg
46%
7Jay-Z
45%
6Kendrick Lamar
43%
8The notorious B.I.G
34%
3Nas
30%

Distribution des résultats

Percentile par nombre de réponses

% des personnes avec chaque résultat

Votre développement - résultats

Vous n’avez pas pris ce quiz